1307 1280 1346 1832 1058 1029 1624 1603 1823 1016 1964 1093 1329 1462 1713 1332 1418 1583 1885 1266 1199 1574 1808 1575 1265 1737 1083 1848 1265 1900 1482 1999 1845 1665 1996 1671 1227 1017 1421 1665 1182 1916 1233 1679 1072 1476 1811 1455 1055 1384 1050 1245 1300 1312 1855 1408 1379 1304 1087 1110 1562 1714 1061 1028 1288 1168 1467 1616 1677 1488 1905 1568 1220 1897 1855 1467 1594 1790 1350 1773 1230 1976 1355 1464 1519 1562 1849 1708 1002 1376 1611 1274 1023 1861 1882 1010 1575 1809 1578 BCNSPRNW ULIB Ver.6.0+V

เปลี่ยนเป็นภาษาไทย

Change to English
 แสดงรายละเอียดบรรณานุกรม
  กลับหน้าหลัก

Brief Record : Get Marc (ISO 2709) : E-mail record : QR code < ปิดหน้าต่าง
LEADER : 00000nam 2200000uu 4500
001    13399123548
003     ULIB
008    141007s2548||||th 000 0 tha d
060  4 WY16^bค125ก
100 0  คณะผู้เข้าประชุมจากสถาบันพระบรมราชชนกและวิทยาลัยพยาบาลในสังกัด สถานพระบรมราชชนก
245 00 การพยาบาลที่กำลังขับเคลื่อน : ความรู้ นวตกรรม และสิ่งที่สำคัญยิ่งของการพยาบา^/คณะผู้เข้าประชุมจากสถาบันพระบรมราชชนกและวิทยาลัยพยาบาลในสังกัด สถานพระบรมราชชนก
999    ^aเกษร โพธิ์สุวรรณ
รายการนี้ยังไม่มีแท็ก
คุณยังไม่ได้ล็อกอิน คุณสามารถมีกิจกรรมร่วมกับเว็บไซต์ได้ แต่ต้องล็อกอินก่อน ::
  ล็อกอิน

รายการสื่อสารสนเทศ

ลำดับที่ ประเภท เลขเรียก/บาร์โค้ด สถานที่ สถานะ
- ไม่พบข้อมูล -

BibComment


ยังไม่เคยถูกคอมเมนท์

คอมเมนท์ทรัพยากรรายการนี้
  คอมเมนท์: การพยาบาลที่กำลัง..


 Copyright 2026. Bcnsprnw @Library